| 000 | 00413nam a2200169Ia 4500 | ||
|---|---|---|---|
| 008 | 230524s9999 xx 000 0 und d | ||
| 082 |
_a530 _bSEA |
||
| 100 | _aFrancis W.Sears | ||
| 245 | 0 | _aUniversity Physics | |
| 250 | _a6TH | ||
| 260 |
_aNEW DELHI _bNarosa _c1998 |
||
| 300 | _a929 | ||
| 500 | _aQuantity Number: 3 | ||
| 650 | _aPhysics | ||
| 700 | _a" Mark W. Zemansky , Hugh D.Young,,," | ||
| 942 | _cBK | ||
| 999 |
_c26162 _d26162 |
||